Biodiversity / (Record no. 234158)

000 -LEADER
fixed length control field 01297cam a2200313 a 4500
001 - CONTROL NUMBER
control field 15406751
003 - CONTROL NUMBER IDENTIFIER
control field Nust
005 - DATE AND TIME OF LATEST TRANSACTION
control field 20170314155501.0
008 - FIXED-LENGTH DATA ELEMENTS--GENERAL INFORMATION
fixed length control field 080809s2009 nyuab b 001 0 eng
010 ## - LIBRARY OF CONGRESS CONTROL NUMBER
LC control number 2008035187
020 ## - INTERNATIONAL STANDARD BOOK NUMBER
International Standard Book Number 9781435851672 (lib. bdg.)
020 ## - INTERNATIONAL STANDARD BOOK NUMBER
International Standard Book Number 1435851676 (lib. bdg.)
035 ## - SYSTEM CONTROL NUMBER
System control number (OCoLC)ocn243675082
040 ## - CATALOGING SOURCE
Original cataloging agency DLC
Transcribing agency ASAB
Modifying agency IG#
-- BTCTA
-- IHI
-- DLC
050 00 - LIBRARY OF CONGRESS CALL NUMBER
Classification number QH541.15.B56
Item number S665 2009
082 00 - DEWEY DECIMAL CLASSIFICATION NUMBER
Classification number 639.8
Edition number 22
100 1# - MAIN ENTRY--PERSONAL NAME
Personal name Spicer, John I.
245 10 - TITLE STATEMENT
Title Biodiversity /
Statement of responsibility, etc. John I. Spicer.
250 ## - EDITION STATEMENT
Edition statement Updated ed.
260 ## - PUBLICATION, DISTRIBUTION, ETC.
Place of publication, distribution, etc. New York :
Name of publisher, distributor, etc. Rosen Pub.,
Date of publication, distribution, etc. 2009.
300 ## - PHYSICAL DESCRIPTION
Extent 191 p. :
Other physical details ill., map ;
Dimensions 23 cm.
490 1# - SERIES STATEMENT
Series statement World issues today
500 ## - GENERAL NOTE
General note Previous ed. published in 2006 as part of the Oneworld beginners' guides series, and bearing the subtitle: A beginner's guide.
504 ## - BIBLIOGRAPHY, ETC. NOTE
Bibliography, etc. note Includes bibliographical references and index.
650 #0 - SUBJECT ADDED ENTRY--TOPICAL TERM
Topical term or geographic name entry element Biodiversity.
830 #0 - SERIES ADDED ENTRY--UNIFORM TITLE
Uniform title World issues today.
856 41 - ELECTRONIC LOCATION AND ACCESS
Materials specified Table of contents only
Uniform Resource Identifier <a href="http://www.loc.gov/catdir/toc/ecip0825/2008035187.html">http://www.loc.gov/catdir/toc/ecip0825/2008035187.html</a>
906 ## - LOCAL DATA ELEMENT F, LDF (RLIN)
a 7
b cbc
c orignew
d 1
e ecip
f 20
g y-gencatlg
942 ## - ADDED ENTRY ELEMENTS (KOHA)
Source of classification or shelving scheme
Koha item type Book
Holdings
Withdrawn status Lost status Source of classification or shelving scheme Damaged status Not for loan Collection code Permanent Location Current Location Date acquired Total Checkouts Full call number Barcode Date last seen Price effective from Koha item type
            Atta-ur-Rahman School of Applied Biosciences (ASAB) Atta-ur-Rahman School of Applied Biosciences (ASAB) 03/14/2017   639.8 SPI ASAB2150 03/14/2017 03/14/2017 Book
© 2023 Central Library, National University of Sciences and Technology. All Rights Reserved.